000 00968nam a2200277Ia 4500
003 OSt
005 20221007125347.0
006 a|||||r|||| 00| 0
007 ta
008 221006b |||||||| |||| 00| 0 eng d
020 _a019850151X (pbk)
_cRs.325.00
024 _a9957
037 _bDhanraj,
_cTextual
040 _aCDL
_cCDL
_beng
041 _2eng
_aeng
082 _aE191, N9
100 _aMcCleverty Jon
_9721841
245 0 _aChemistry of the first-row transition metals by Jon McCleverty
260 _aOxford
_bOxford University Press
_c1999
300 _a90p
_ccm.
500 _aBibliography p91; Index p92; ^n23/CSL/CARC/2002-2003/54^d2002-05-08^mPurchase; ; 2002-03/39^b2002-05-24^c11^d2002-05-24^eRs.2,149.91^fDhanraj Book House; ; 2003-01-22^bSB^c2003-09-11^dJindal
650 _a Transition Matals
_9721842
650 _aChemistry
942 _hE191, N9
_cTEXL
_2CC
999 _c1215146
_d1215146